[Event "Veneto Province-ch qf 82nd"]
[Site "Ceregnano"]
[Date "2023.05.27"]
[Round "2.10"]
[White "De Marco, Leonardo"]
[Black "Renier, Renzo"]
[Result "1-0"]
[WhiteElo "1541"]
[BlackElo "1827"]
[PlyCount "31"]
[EventDate "2023.05.26"]
[EventType "swiss"]
[EventRounds "5"]
[EventCountry "ITA"]
[SourceTitle "EXT 2024"]
[Source "ChessBase"]
[SourceDate "2023.10.10"]
[SourceVersion "1"]
[SourceVersionDate "2023.10.10"]
[SourceQuality "1"]

1. e4 e6 2. d4 d5 3. Nd2 c5 4. exd5 Qxd5 5. Ngf3 cxd4 6. Bc4 Qd6 7. Nb3 Nc6 8. 0-0 Be7 9. Nbxd4 Bf6 10. Nb5 Qxd1 11. Rxd1 Bd8 12. Nd6+ Ke7 13. b3 Nf6 14. Ba3 Bd7 15. Nf5+ Ke8 16. Nxg7# 1-0

[Event "Veneto Province-ch qf 82nd"]
[Site "Ceregnano"]
[Date "2023.05.27"]
[Round "3.16"]
[White "Renier, Renzo"]
[Black "De Bianchi, Asia"]
[Result "1/2-1/2"]
[WhiteElo "1827"]
[BlackElo "1614"]
[PlyCount "92"]
[EventDate "2023.05.26"]
[EventType "swiss"]
[EventRounds "5"]
[EventCountry "ITA"]
[SourceTitle "EXT 2024"]
[Source "ChessBase"]
[SourceDate "2023.10.10"]
[SourceVersion "1"]
[SourceVersionDate "2023.10.10"]
[SourceQuality "1"]

1. e4 c5 2. Nf3 e6 3. d4 cxd4 4. Nxd4 a6 5. c4 Qc7 6. Nc3 Nf6 7. Be2 Be7 8. 0-0 0-0 9. Be3 d6 10. Rc1 Nbd7 11. f4 b6 12. Bf3 Bb7 13. Kh1 Rac8 14. b3 Rfd8 15. Qe1 Nc5 16. Bg1 Nd3 17. Qe3 Nxc1 18. Rxc1 Bf8 19. Nde2 Nd7 20. Rd1 Qb8 21. Ng3 Bc6 22. f5 e5 23. Nd5 Bxd5 24. Rxd5 Nf6 25. Rd1 Rc6 26. Bf2 Rdc8 27. Nf1 b5 28. Nd2 Nd7 29. Be2 b4 30. g4 Qb6 31. Nf1 Qxe3 32. Nxe3 Nc5 33. Bd3 a5 34. Nd5 Rb8 35. Be1 Nd7 36. Bc2 Nb6 37. Kg2 Nxd5 38. Rxd5 Rc5 39. Rd2 f6 40. Bf2 Rc6 41. Rd5 a4 42. Ra5 a3 43. Ra7 g6 44. Kf3 Bh6 45. Bh4 g5 46. Bf2 Bf8 1/2-1/2

[Event "Santa Maria di Sala op-B 29th"]
[Site "Santa Maria di Sala"]
[Date "2022.12.10"]
[Round "2"]
[White "Tosetto, Francesco"]
[Black "Renier, Renzo"]
[Result "0-1"]
[WhiteElo "1534"]
[BlackElo "1814"]
[PlyCount "112"]
[EventDate "2022.12.09"]
[EventType "swiss"]
[EventRounds "5"]
[EventCountry "ITA"]
[SourceTitle "EXT 2024"]
[Source "ChessBase"]
[SourceDate "2023.10.10"]
[SourceVersion "1"]
[SourceVersionDate "2023.10.10"]
[SourceQuality "1"]

1. e4 c5 2. Bc4 e6 3. Nc3 Nc6 4. Nf3 Nf6 5. 0-0 d6 6. Re1 Be7 7. h3 0-0 8. d3 a6 9. a4 h6 10. e5 Nxe5 11. Nxe5 dxe5 12. Rxe5 Qc7 13. Re1 Bd7 14. Ne4 Bc6 15. Nxf6+ Bxf6 16. Qg4 Kh8 17. Qh5 Qe7 18. Bxh6 gxh6 19. Qxh6+ Kg8 20. Re3 Bh4 21. Bxe6 Bxf2+ 22. Kxf2 fxe6+ 23. Kg1 Qg7 24. Qxg7+ Kxg7 25. h4 Rf6 26. a5 Raf8 27. Rg3+ Rg6 28. Rxg6+ Kxg6 29. Re1 Kf6 30. Rf1+ Ke7 31. Rxf8 Kxf8 32. Kf2 Kg7 33. g4 Kg6 34. Ke3 e5 35. Kf2 e4 36. dxe4 Bxe4 37. c3 Kf6 38. Ke3 Ke5 39. g5 Bg6 40. Kf3 Bh5+ 41. Ke3 c4 42. Kd2 Kf4 43. Kc2 Kg3 44. Kd2 Kxh4 45. Ke3 Kxg5 46. Kd4 Be2 47. Kc5 Kf4 48. Kb6 Ke3 49. Kxb7 Kd2 50. Kxa6 Kc2 51. Kb5 Kxb2 52. Kb4 Kc2 53. a6 Kd3 54. a7 Bf3 55. Kc5 Kxc3 56. Kb5 Kb3 0-1

[Event "Veneto-ch qf 80th"]
[Site "Sottomarina"]
[Date "2021.06.06"]
[Round "4.12"]
[White "Serea, Gabriele"]
[Black "Renier, Renzo"]
[Result "0-1"]
[WhiteElo "1667"]
[BlackElo "1922"]
[PlyCount "104"]
[EventDate "2021.06.04"]
[EventType "swiss"]
[EventRounds "5"]
[EventCountry "ITA"]
[SourceTitle "EXT 2024"]
[Source "ChessBase"]
[SourceDate "2023.10.10"]
[SourceVersion "1"]
[SourceVersionDate "2023.10.10"]
[SourceQuality "1"]

1. e4 e5 2. Nf3 Nc6 3. Bc4 Bc5 4. c3 Nf6 5. d3 d6 6. h3 h6 7. 0-0 a6 8. a4 0-0 9. Nbd2 Ba7 10. Re1 Be6 11. Bb3 Qd7 12. Bxe6 Qxe6 13. Nf1 Rad8 14. Ng3 d5 15. Qb3 Bb6 16. exd5 Qxd5 17. Qxd5 Rxd5 18. Be3 Bxe3 19. Rxe3 Rfd8 20. Rae1 Rxd3 21. Rxd3 Rxd3 22. Nxe5 Nxe5 23. Rxe5 Kf8 24. Kf1 Nd5 25. Re4 Rd1+ 26. Re1 Rd2 27. Re2 Rd1+ 28. Re1 Rxe1+ 29. Kxe1 Nf4 30. Kf1 Ke7 31. Ne2 Nd3 32. b4 a5 33. bxa5 Nb2 34. Nd4 Nxa4 35. c4 g6 36. Ke2 Kd6 37. Nb5+ Kc6 38. Kd3 Nc5+ 39. Kc3 Kd7 40. f3 Ne6 41. h4 Nf4 42. g4 Ng2 43. Nd4 Nxh4 44. Kb4 Ng2 45. Kb5 h5 46. c5 c6+ 47. Nxc6 bxc6+ 48. Kb6 Kc8 49. a6 Kb8 50. a7+ Ka8 51. Kxc6 Nf4 52. Kb6 h4 0-1

[Event "Noventa Padovana GP 5th"]
[Site "Noventa Padovana"]
[Date "2019.10.27"]
[Round "5"]
[White "Ranieri, Pierpaolo"]
[Black "Renier, Renzo"]
[Result "1/2-1/2"]
[WhiteElo "1706"]
[BlackElo "1894"]
[PlyCount "110"]
[EventDate "2019.10.27"]
[EventType "swiss"]
[EventRounds "5"]
[EventCountry "ITA"]
[SourceTitle "EXT 2024"]
[Source "ChessBase"]
[SourceDate "2023.10.10"]
[SourceVersion "1"]
[SourceVersionDate "2023.10.10"]
[SourceQuality "1"]

1. d4 Nf6 2. Nf3 g6 3. Nbd2 Bg7 4. e4 0-0 5. e5 Ne8 6. Bc4 d6 7. Qe2 Nc6 8. e6 d5 9. exf7+ Rxf7 10. Bb3 e5 11. dxe5 Nxe5 12. Nxe5 Bxe5 13. Nf3 Bg4 14. Bg5 Bf6 15. Bxf6 Rxf6 16. 0-0-0 c6 17. c4 Nc7 18. Rhe1 Bxf3 19. gxf3 Re6 20. Qd3 Qg5+ 21. Kb1 Rae8 22. Rxe6 Rxe6 23. cxd5 Nxd5 24. Bxd5 cxd5 25. Qxd5 Qxd5 26. Rxd5 Re1+ 27. Kc2 Re2+ 28. Rd2 Re5 29. Rd8+ Kg7 30. Rd7+ Kh6 31. Kd3 Rb5 32. b3 a5 33. Kc4 Rb4+ 34. Kc5 b6+ 35. Kc6 a4 36. Rd3 g5 37. bxa4 Rxa4 38. a3 Rh4 39. Kxb6 Rxh2 40. a4 Rxf2 41. Rb3 Ra2 42. a5 Kg6 43. a6 h5 44. Kb7 h4 45. a7 h3 46. Rb6+ Kf5 47. a8Q Rxa8 48. Kxa8 Kf4 49. Rf6+ Kg3 50. Rg6 Kf4 51. Rf6+ Kg3 52. Rg6 Kxf3 53. Rxg5 h2 54. Rh5 Kg2 55. Rxh2+ Kxh2 1/2-1/2

[Event "Noventa Padovana GP 5th"]
[Site "Noventa Padovana"]
[Date "2019.10.27"]
[Round "3"]
[White "Ranzato, Paolo"]
[Black "Renier, Renzo"]
[Result "0-1"]
[WhiteElo "1747"]
[BlackElo "1894"]
[PlyCount "102"]
[EventDate "2019.10.27"]
[EventType "swiss"]
[EventRounds "5"]
[EventCountry "ITA"]
[SourceTitle "EXT 2024"]
[Source "ChessBase"]
[SourceDate "2023.10.10"]
[SourceVersion "1"]
[SourceVersionDate "2023.10.10"]
[SourceQuality "1"]

1. f4 c5 2. Nf3 d5 3. e3 Bg4 4. Bb5+ Nd7 5. 0-0 e6 6. d3 Ngf6 7. Nbd2 g6 8. Qe1 Bxf3 9. Nxf3 Bg7 10. c3 0-0 11. Bxd7 Nxd7 12. e4 Qc7 13. Qh4 Qd8 14. Qh3 dxe4 15. dxe4 Nf6 16. f5 exf5 17. exf5 Qd3 18. fxg6 hxg6 19. Bh6 Bxh6 20. Qxh6 Ng4 21. Qh4 f5 22. Ng5 Qe3+ 23. Kh1 Kg7 24. Rae1 Rh8 25. Qxh8+ Rxh8 26. Rxe3 Nxe3 27. Re1 Re8 28. h3 Re7 29. Kg1 Kf6 30. h4 Nc4 31. Rxe7 Kxe7 32. b3 Ne5 33. Nf3 Nxf3+ 34. gxf3 Kf6 35. Kf2 Ke5 36. Ke3 b6 37. f4+ Kd5 38. c4+ Kd6 39. Kd3 Kc6 40. Kc3 Kd6 41. b4 Kc6 42. a3 Kd6 43. Kd3 cxb4 44. axb4 a5 45. bxa5 bxa5 46. Kc3 Kc5 47. Kb3 a4+ 48. Kxa4 Kxc4 49. Ka3 Kd4 50. Kb3 Ke4 51. Kc3 Kxf4 0-1

[Event "Treviso op-A 3rd"]
[Site "Treviso"]
[Date "2019.03.30"]
[Round "2.6"]
[White "Renier, Renzo"]
[Black "Sforza, Michelangelo"]
[Result "0-1"]
[WhiteElo "1905"]
[BlackElo "1837"]
[PlyCount "78"]
[EventDate "2019.03.29"]
[EventType "swiss"]
[EventRounds "5"]
[EventCountry "ITA"]
[SourceTitle "EXT 2024"]
[Source "ChessBase"]
[SourceDate "2023.10.10"]
[SourceVersion "1"]
[SourceVersionDate "2023.10.10"]
[SourceQuality "1"]

1. e4 c5 2. Nf3 Nc6 3. d4 cxd4 4. Nxd4 g6 5. Nc3 Bg7 6. Be3 Nf6 7. f3 0-0 8. Qd2 d5 9. Nxd5 Nxd5 10. exd5 Qxd5 11. c3 Nxd4 12. Bxd4 Bxd4 13. Qxd4 Qxd4 14. cxd4 Rd8 15. Rd1 Be6 16. b3 Rac8 17. Rd2 Rc1+ 18. Kf2 Rdc8 19. g3 R8c2 20. Ke2 Rxd2+ 21. Kxd2 Ra1 22. Kc3 Rxa2 23. Bd3 Kg7 24. Be4 b6 25. g4 a5 26. Bc6 Rf2 27. h4 Bc8 28. h5 Kf6 29. hxg6 hxg6 30. Re1 g5 31. Re5 e6 32. b4 axb4+ 33. Kxb4 Ba6 34. Re3 Rd2 35. Kc3 Ra2 36. Kb3 Re2 37. Rc3 Rd2 38. Ba8 Rxd4 39. Rc6 Rd8 0-1

[Event "Padova del Santo op-B 1st"]
[Site "Padova"]
[Date "2014.02.15"]
[Round "2"]
[White "Belloni, Umberto"]
[Black "Renier, Renzo"]
[Result "0-1"]
[WhiteElo "1775"]
[BlackElo "1970"]
[PlyCount "108"]
[EventDate "2014.02.14"]
[EventType "swiss"]
[EventRounds "5"]
[EventCountry "ITA"]
[SourceTitle "EXT 2024"]
[Source "ChessBase"]
[SourceDate "2023.10.10"]
[SourceVersion "1"]
[SourceVersionDate "2023.10.10"]
[SourceQuality "1"]

1. d4 d5 2. c3 Bf5 3. Qb3 b6 4. Bf4 e6 5. e3 Bd6 6. Bxd6 Qxd6 7. Nf3 Nd7 8. Nh4 Bxb1 9. Rxb1 Ngf6 10. Be2 0-0 11. 0-0 c5 12. f4 Ne4 13. Qd1 f5 14. Nf3 c4 15. Nd2 Ndf6 16. Nxe4 Nxe4 17. Bf3 Nf6 18. g4 fxg4 19. Bxg4 Nxg4 20. Qxg4 Rf5 21. Qe2 Raf8 22. Rf2 Qe7 23. Rbf1 Qh4 24. Rg2 R8f6 25. Rff2 Rg6 26. Rxg6 hxg6 27. Rg2 g5 28. Qf2 Qxf2+ 29. Rxf2 gxf4 30. exf4 Kf7 31. Kg2 Kf6 32. Kg3 Rh5 33. Kg4 Rh6 34. f5 exf5+ 35. Rxf5+ Ke6 36. Rf2 Rg6+ 37. Kh5 Rg1 38. h4 Rg3 39. Re2+ Kf6 40. Re5 g6+ 41. Kh6 Rh3 42. Kh7 Rxh4+ 43. Kg8 Rh5 44. Re2 g5 45. Rf2+ Kg6 46. Rg2 Rh4 47. Kf8 Re4 48. b3 cxb3 49. axb3 g4 50. Ra2 a5 51. Rb2 Kg5 52. b4 g3 53. bxa5 bxa5 54. Rb5 g2 0-1

[Event "Cipressina op-A 2nd"]
[Site "Venice"]
[Date "2013.11.30"]
[Round "2"]
[White "Solomon, Kenny"]
[Black "Renier, Renzo"]
[Result "1-0"]
[WhiteElo "2361"]
[BlackElo "1982"]
[PlyCount "67"]
[EventDate "2013.11.29"]
[EventType "swiss"]
[EventRounds "5"]
[EventCountry "ITA"]
[SourceTitle "EXT 2015"]
[Source "ChessBase"]
[SourceDate "2014.11.20"]
[SourceVersion "1"]
[SourceVersionDate "2014.11.20"]
[SourceQuality "1"]

1. d4 Nf6 2. c4 g6 3. Nc3 d5 4. Nf3 Bg7 5. Qb3 dxc4 6. Qxc4 0-0 7. e4 Bg4 8. Be2 Nfd7 9. d5 Nb6 10. Qb3 e6 11. Bg5 Bf6 12. Bh6 Re8 13. Rd1 exd5 14. Nxd5 Nxd5 15. Qxb7 Nd7 16. Qxd5 Qe7 17. 0-0 Bxb2 18. h3 Be6 19. Qd2 Bf6 20. Bb5 Red8 21. Qf4 Bg7 22. Bxg7 Kxg7 23. Nd4 Bxa2 24. Nc6 Qc5 25. Nxd8 Qxb5 26. Qxc7 Nf6 27. Qc3 Qb6 28. Nc6 Rc8 29. Rd6 Be6 30. Rc1 a5 31. g4 Qb3 32. Qe5 Qxh3 33. g5 Qg4+ 34. Kf1 1-0

[Event "Cipressina op-A 2nd"]
[Site "Venice"]
[Date "2013.11.29"]
[Round "1"]
[White "Renier, Renzo"]
[Black "Romagnoli, Thomas"]
[Result "1/2-1/2"]
[WhiteElo "1982"]
[BlackElo "1729"]
[PlyCount "82"]
[EventDate "2013.11.29"]
[EventType "swiss"]
[EventRounds "5"]
[EventCountry "ITA"]
[SourceTitle "EXT 2015"]
[Source "ChessBase"]
[SourceDate "2014.11.20"]
[SourceVersion "1"]
[SourceVersionDate "2014.11.20"]
[SourceQuality "1"]

1. e4 e5 2. Nf3 Nc6 3. Bb5 a6 4. Bxc6 dxc6 5. 0-0 Bg4 6. h3 Bh5 7. d3 Bd6 8. Nbd2 Nf6 9. Nc4 Qe7 10. Ne3 Bg6 11. Re1 0-0-0 12. Bd2 Nd7 13. Bc3 f6 14. Qd2 Rhf8 15. Nc4 Nb6 16. Nxd6+ Qxd6 17. a4 Qe6 18. Qe3 Kb8 19. b4 Bf7 20. b5 cxb5 21. axb5 axb5 22. Ra5 Qc6 23. Bb4 Rg8 24. Qc5 Qxc5 25. Bxc5 Be8 26. Bxb6 cxb6 27. Ra2 Bc6 28. Kf1 Kc7 29. Ke2 Ra8 30. Rea1 Rad8 31. Nd2 Rd4 32. Ra8 Rgd8 33. Rxd8 Rxd8 34. Nb3 g6 35. f3 Kb8 36. d4 exd4 37. Rd1 Kc7 38. Nxd4 Re8 39. Kf2 Re5 40. Ra1 Kb8 41. Ra3 Bd7 1/2-1/2

[Event "Treviso op-B 34th"]
[Site "Treviso"]
[Date "2010.12.05"]
[Round "4.2"]
[White "Broli, Carlo"]
[Black "Renier, Renzo"]
[Result "0-1"]
[WhiteElo "1866"]
[BlackElo "1990"]
[PlyCount "102"]
[EventDate "2010.12.03"]
[EventType "swiss"]
[EventRounds "5"]
[EventCountry "ITA"]
[SourceTitle "EXT 2024"]
[Source "ChessBase"]
[SourceDate "2023.10.10"]
[SourceVersion "1"]
[SourceVersionDate "2023.10.10"]
[SourceQuality "1"]

1. c4 Nf6 2. Nc3 g6 3. g3 Bg7 4. Bg2 0-0 5. d3 d6 6. Bd2 e5 7. e3 Nc6 8. Nge2 Be6 9. a3 d5 10. cxd5 Nxd5 11. 0-0 Qd7 12. d4 exd4 13. exd4 Nxd4 14. Nxd4 Bxd4 15. Bh6 Nxc3 16. bxc3 Bg7 17. Qxd7 Bxd7 18. Bxg7 Kxg7 19. Bxb7 Rab8 20. Bd5 Rb5 21. c4 Rc5 22. Rfb1 c6 23. Bg2 Rxc4 24. Rb7 Be6 25. Rxa7 Rd8 26. Rc7 c5 27. a4 Rxa4 28. Rc1 c4 29. Bf1 Rd4 30. h4 h5 31. Kh2 Rd2 32. Bxc4 Bxc4 33. R7xc4 Rxf2+ 34. Kg1 Raa2 35. R4c3 Rg2+ 36. Kh1 Rh2+ 37. Kg1 Rag2+ 38. Kf1 Rf2+ 39. Kg1 f5 40. Re1 Rhg2+ 41. Kh1 Rc2 42. Rxc2 Rxc2 43. Rg1 Kf6 44. Rb1 f4 45. Rb6+ Kf5 46. gxf4 Rc4 47. Rb5+ Kxf4 48. Rg5 Kf3 49. Rxg6 Rxh4+ 50. Kg1 Rg4+ 51. Rxg4 hxg4 0-1

[Event "Treviso op-B 34th"]
[Site "Treviso"]
[Date "2010.12.04"]
[Round "3.4"]
[White "Renier, Renzo"]
[Black "Baldizzi, Riccardo"]
[Result "1-0"]
[WhiteElo "1990"]
[BlackElo "1371"]
[PlyCount "75"]
[EventDate "2010.12.03"]
[EventType "swiss"]
[EventRounds "5"]
[EventCountry "ITA"]
[SourceTitle "EXT 2024"]
[Source "ChessBase"]
[SourceDate "2023.10.10"]
[SourceVersion "1"]
[SourceVersionDate "2023.10.10"]
[SourceQuality "1"]

1. e4 c5 2. Nf3 Nc6 3. d4 cxd4 4. Nxd4 e5 5. Nb5 a6 6. Nd6+ Bxd6 7. Qxd6 Qf6 8. Qxf6 Nxf6 9. Nc3 d5 10. exd5 Nb4 11. Bd3 Nxd3+ 12. cxd3 Bf5 13. 0-0 Bxd3 14. Re1 e4 15. Bg5 0-0-0 16. Rac1 Kb8 17. Bxf6 gxf6 18. Nxe4 Bxe4 19. Rxe4 Rxd5 20. g3 Re5 21. Rec4 Re7 22. R1c2 Rhe8 23. Kg2 Re2 24. Kf3 Rxc2 25. Rxc2 Rc8 26. Rxc8+ Kxc8 27. Kf4 Kd7 28. Kf5 Ke7 29. b4 b6 30. f4 h6 31. h3 a5 32. bxa5 bxa5 33. a4 Kf8 34. Kxf6 Kg8 35. Ke7 Kg7 36. f5 h5 37. f6+ Kg8 38. Ke8 1-0

[Event "Alta Padovana op 5th"]
[Site "Loreggia"]
[Date "2005.02.27"]
[Round "4"]
[White "Gromovs, Sergejs"]
[Black "Renier, Renzo"]
[Result "1-0"]
[WhiteElo "2335"]
[BlackElo "1987"]
[PlyCount "41"]
[EventDate "2005.02.25"]
[EventType "swiss"]
[EventRounds "5"]
[EventCountry "ITA"]
[SourceTitle "EXT 2007"]
[Source "ChessBase"]
[SourceDate "2006.11.23"]
[SourceVersion "1"]
[SourceVersionDate "2006.11.23"]
[SourceQuality "1"]

1. d4 Nf6 2. Nf3 g6 3. c4 Bg7 4. Nc3 d5 5. cxd5 Nxd5 6. e4 Nxc3 7. bxc3 c5 8. Rb1 0-0 9. Be2 cxd4 10. cxd4 Qa5+ 11. Qd2 Qxd2+ 12. Bxd2 e6 13. 0-0 b6 14. Rfc1 Ba6 15. Kf1 Rc8 16. Rxc8+ Bxc8 17. Rc1 Bb7 18. Rc7 Bxe4 19. Ng5 Bd5 20. Rc8+ Bf8 21. Bf3 1-0

[Event "Alta Padovana op 5th"]
[Site "Loreggia"]
[Date "2005.02.27"]
[Round "5"]
[White "Renier, Renzo"]
[Black "Dvirnyy, Danyyil"]
[Result "0-1"]
[WhiteElo "1987"]
[BlackElo "2098"]
[PlyCount "108"]
[EventDate "2005.02.25"]
[EventType "swiss"]
[EventRounds "5"]
[EventCountry "ITA"]
[SourceTitle "EXT 2007"]
[Source "ChessBase"]
[SourceDate "2006.11.23"]
[SourceVersion "1"]
[SourceVersionDate "2006.11.23"]
[SourceQuality "1"]

1. e4 c5 2. Nf3 d6 3. d4 cxd4 4. Qxd4 Nc6 5. Bb5 Bd7 6. Bxc6 Bxc6 7. c4 Nf6 8. Nc3 e6 9. 0-0 Be7 10. Bg5 0-0 11. Rad1 Qc7 12. Rfe1 Rfd8 13. Rc1 Qa5 14. Qd2 Kf8 15. Nd4 h6 16. Bh4 Qh5 17. Bg3 Rac8 18. b3 Qg6 19. f3 Kg8 20. Nd5 Bf8 21. Nxf6+ Qxf6 22. Red1 b6 23. Nxc6 Rxc6 24. Qc3 Qxc3 25. Rxc3 b5 26. c5 Rdc8 27. Bf2 dxc5 28. Kf1 a6 29. Ke2 Be7 30. Rdc1 Kf8 31. Bd4 g6 32. R3c2 f6 33. Be3 Kf7 34. Kd3 Bf8 35. Ke2 Ke8 36. Kd3 R6c7 37. Ke2 h5 38. Kd3 c4+ 39. bxc4 Ba3 40. Rb1 Rxc4 41. Rxc4 Rxc4 42. Rb3 Bd6 43. g3 Kd7 44. f4 Ra4 45. Rb2 Ra3+ 46. Kd2 f5 47. e5 Be7 48. Bf2 Kc6 49. Kc2 Kd5 50. Kb1 Ke4 51. Rc2 Kf3 52. Bb6 g5 53. fxg5 Bxg5 54. Bc5 Rd3 0-1

[Event "Padova op-A 7th"]
[Site "Padova"]
[Date "2004.12.19"]
[Round "6"]
[White "Carini, Massimo"]
[Black "Renier, Renzo"]
[Result "1-0"]
[WhiteElo "2041"]
[BlackElo "1987"]
[PlyCount "62"]
[EventDate "2004.12.11"]
[EventType "swiss"]
[EventRounds "6"]
[EventCountry "ITA"]
[SourceTitle "EXT 2024"]
[Source "ChessBase"]
[SourceDate "2023.10.10"]
[SourceVersion "1"]
[SourceVersionDate "2023.10.10"]
[SourceQuality "1"]

1. e4 c5 2. Nf3 Nc6 3. c3 d5 4. exd5 Qxd5 5. d4 Nf6 6. Be2 cxd4 7. cxd4 e6 8. 0-0 Be7 9. Nc3 Qd8 10. Be3 0-0 11. Ne5 Nb4 12. Bf3 Nbd5 13. Qb3 Qb6 14. Bxd5 Nxd5 15. Nxd5 exd5 16. Qxd5 Qxb2 17. a4 Be6 18. Qf3 Rfd8 19. Rfb1 Qc3 20. Qxb7 Bd6 21. Rc1 Qb3 22. Qxb3 Bxb3 23. Nc6 Rdc8 24. Rc3 Be6 25. Rac1 Kf8 26. d5 Bxd5 27. Nxa7 Rxc3 28. Rxc3 Ke7 29. Nc8+ Ke6 30. Nxd6 Kxd6 31. Ra3 Rb8 1-0

[Event "Padova op-A 7th"]
[Site "Padova"]
[Date "2004.12.18"]
[Round "4"]
[White "Renier, Renzo"]
[Black "Belloni, Umberto"]
[Result "1-0"]
[WhiteElo "1987"]
[BlackElo "1950"]
[PlyCount "118"]
[EventDate "2004.12.11"]
[EventType "swiss"]
[EventRounds "6"]
[EventCountry "ITA"]
[SourceTitle "EXT 2024"]
[Source "ChessBase"]
[SourceDate "2023.10.10"]
[SourceVersion "1"]
[SourceVersionDate "2023.10.10"]
[SourceQuality "1"]

1. e4 e6 2. d4 d5 3. Nc3 Nf6 4. Bg5 Be7 5. e5 Ng8 6. Bxe7 Nxe7 7. Bd3 Nd7 8. Nf3 g6 9. 0-0 Nf5 10. Ne2 c6 11. Qd2 Qe7 12. Nf4 Ng7 13. Ne2 h6 14. c4 Nb6 15. c5 Nd7 16. b4 Nb8 17. Rab1 g5 18. g3 a6 19. a4 Nd7 20. Rfc1 Nf5 21. Ra1 g4 22. Ne1 h5 23. Bxf5 exf5 24. Ng2 Nf8 25. Nef4 Ne6 26. Nxe6 Bxe6 27. b5 h4 28. Nxh4 Kf8 29. bxc6 bxc6 30. Rab1 Kg7 31. Rc3 Rh5 32. Rb6 Bd7 33. Rcb3 Rah8 34. Rb7 Rxh4 35. gxh4 Qxh4 36. Rxd7 Qxh2+ 37. Kf1 Qh1+ 38. Ke2 Qh5 39. Rg3 Qg6 40. Qf4 Rb8 41. e6 Qxe6+ 42. Qe5+ Qxe5+ 43. dxe5 Re8 44. f4 Kg6 45. Rd6+ Kg7 46. Rxc6 Rh8 47. Rxa6 Rh2+ 48. Kf1 Rc2 49. Ra5 Rc4 50. c6 Rxf4+ 51. Kg2 Rc4 52. Rxd5 Rc2+ 53. Kf1 Rxc6 54. Rgd3 Re6 55. a5 Ra6 56. Rb3 f4 57. Rb6 Ra8 58. a6 g3 59. Kg2 Ra7 1-0

[Event "Veneto-ch qf 63rd"]
[Site "Arqua Petrarca"]
[Date "2003.05.03"]
[Round "1.10"]
[White "Battiston, Gianfranco"]
[Black "Renier, Renzo"]
[Result "1/2-1/2"]
[WhiteElo "1564"]
[BlackElo "1845"]
[PlyCount "106"]
[EventDate "2003.05.03"]
[EventType "swiss"]
[EventRounds "6"]
[EventCountry "ITA"]
[SourceTitle "EXT 2024"]
[Source "ChessBase"]
[SourceDate "2023.10.10"]
[SourceVersion "1"]
[SourceVersionDate "2023.10.10"]
[SourceQuality "1"]

1. e4 e5 2. Nf3 Nc6 3. Bb5 a6 4. Ba4 Nf6 5. 0-0 Be7 6. d3 d6 7. h3 0-0 8. Be3 b5 9. Bb3 Na5 10. Nc3 Bb7 11. Ne2 c5 12. c3 Qc7 13. Ng3 g6 14. Bh6 Rfd8 15. Bc2 Bf8 16. Qc1 Bg7 17. Qg5 Ne8 18. Bxg7 Nxg7 19. h4 Ne6 20. Qf6 Re8 21. Ng5 h6 22. Nxe6 Rxe6 23. Qf3 f5 24. Rac1 f4 25. b4 fxg3 26. bxa5 Rf8 27. Qxg3 Ref6 28. d4 Kg7 29. dxe5 dxe5 30. Rcd1 Rf4 31. f3 R8f7 32. Qh3 Bc8 33. Qg3 Be6 34. a3 Rd7 35. Rxd7+ Qxd7 36. Rd1 Qc7 37. Qf2 Rf7 38. Qe3 Rd7 39. Rxd7+ Bxd7 40. Qd2 Be6 41. Qd3 Qd7 42. Qxd7+ Bxd7 43. Kf2 Be6 44. f4 Kf6 45. Bd1 Bf7 46. Ke3 Ba2 47. fxe5+ Kxe5 48. Bf3 Bb3 49. g3 Ba2 50. Bg2 Bb1 51. Bf3 Bc2 52. Bg2 g5 53. hxg5 hxg5 1/2-1/2

[Event "Vicenza op 4th"]
[Site "Vicenza"]
[Date "2000.10.08"]
[Round "6"]
[White "Renier, Renzo"]
[Black "Carli, Carlo"]
[Result "1/2-1/2"]
[WhiteElo "1929"]
[BlackElo "2117"]
[PlyCount "106"]
[EventDate "2000.09.30"]
[EventType "swiss"]
[EventRounds "6"]
[EventCountry "ITA"]
[SourceTitle "EXT 2023"]
[Source "ChessBase"]
[SourceDate "2022.10.05"]
[SourceVersion "1"]
[SourceVersionDate "2022.10.05"]
[SourceQuality "1"]

1. e4 c5 2. Nf3 e6 3. d4 cxd4 4. Nxd4 Nc6 5. Nb5 d6 6. Bf4 e5 7. Be3 Nf6 8. N5c3 Be6 9. Bg5 Qb6 10. Bxf6 gxf6 11. Na3 a6 12. Rb1 Qb4 13. Qd2 Rg8 14. f3 0-0-0 15. Nd5 Qxd2+ 16. Kxd2 Bxd5 17. exd5 Ne7 18. c4 f5 19. g3 h5 20. Be2 f4 21. gxf4 Bh6 22. Rbg1 Bxf4+ 23. Kd3 h4 24. Rg4 Nf5 25. Nc2 Rxg4 26. fxg4 Nh6 27. h3 Kd7 28. Ne3 Ke7 29. Rg1 Rg8 30. Ke4 Bxe3 31. Kxe3 Nf5+ 32. Kf2 Ng3 33. Bd3 e4 34. Re1 Kf6 35. Bxe4 Re8 36. Bd3 Rxe1 37. Kxe1 Ke5 38. b3 Kd4 39. Kd2 f6 40. Kc2 a5 41. Kd2 b6 42. Kc2 Nh1 43. Kd2 Nf2 44. Bf1 Ne4+ 45. Kc2 Ke3 46. a3 Ng5 47. b4 axb4 48. axb4 Kf2 49. Bd3 Nxh3 50. c5 dxc5 51. bxc5 bxc5 52. d6 Nf4 53. Bc4 h3 1/2-1/2

[Event "Vicenza op 4th"]
[Site "Vicenza"]
[Date "2000.09.??"]
[Round "3"]
[White "Vianello, Enrico"]
[Black "Renier, Renzo"]
[Result "0-1"]
[WhiteElo "1915"]
[BlackElo "1929"]
[PlyCount "38"]
[EventDate "2000.09.30"]
[EventType "swiss"]
[EventRounds "6"]
[EventCountry "ITA"]
[SourceTitle "EXT 2023"]
[Source "ChessBase"]
[SourceDate "2022.10.05"]
[SourceVersion "1"]
[SourceVersionDate "2022.10.05"]
[SourceQuality "1"]

1. d4 Nf6 2. Bg5 e6 3. e4 Be7 4. Bd3 b6 5. Qe2 Bb7 6. f4 d6 7. Nf3 Nbd7 8. Nc3 h6 9. Bh4 Nxe4 10. Nxe4 Bxh4+ 11. g3 Be7 12. 0-0-0 Nf6 13. Ned2 0-0 14. Rhg1 c5 15. g4 Qd7 16. g5 Nd5 17. Qe4 g6 18. gxh6 Bf6 19. Kb1 Nc3+ 0-1